00413nam a2200145Ia 4500008004100000020001500041041001200056082001600068100002400084245006700108260004900175300000800224650001500232700002000247221030s9999 xx 000 0 und d a8122411967 aEnglish a105.23bKot aC. P. Kothandaraman 0aBasic Fluid Mechanicscby C. P. Kothandaraman, R. Rudramoorthy bNew Age International Pub.aNew Delhic1999 a509 aMechanical aR. Rudramoorthy